[Event "Online Olym Div3 E 2020"]
[Site "chess.com INT"]
[Date "2020.07.09"]
[Round "9.4"]
[Board "2"]
[White "Duran Vega, Sergio"]
[Black "Panchoe, Pratul"]
[Result "1/2-1/2"]
[WhiteTitle "IM"]
[WhiteElo "2340"]
[BlackElo "1837"]
[WhiteTeam "Costa Rica"]
[BlackTeam "Suriname"]
[WhiteFideId "6501311"]
[BlackFideId "8201668"]
[EventDate "2020.07.07"]
[EventType "team"]

1. e4 c6 2. d4 d5 3. Nd2 dxe4 4. Nxe4 Nf6 5. Nxf6+ exf6 6. c3 Bd6 7. Bd3 O-O 8.
Qc2 Re8+ 9. Ne2 g6 10. Bh6 Bf8 11. Bxf8 Kxf8 12. h4 Qd5 13. f3 Na6 14. h5 Bf5
15. Bxf5 Qxf5 16. Qxf5 gxf5 17. Kf2 Nc7 18. Ng3 f4 19. Ne2 Nd5 20. Rh4 Re6 21.
c4 Nb4 22. Nxf4 Rd6 23. Rd1 Nxa2 24. Nd3 c5 25. Nxc5 Rc8 26. Ra1 Nb4 27. Rxa7
Rxc5 28. dxc5 Nd3+ 29. Ke3 Nxc5 30. Rd4 Rb6 31. Ra8+ Kg7 32. Rd2 Rb3+ 33. Ke2
Ne6 34. Rb8 Nf4+ 35. Kf2 Nd3+ 36. Rxd3 Rxd3 37. Rxb7 Kh6 38. Rxf7 Rd2+ 39. Kg3
Rxb2 40. Rxf6+ Kxh5 41. c5 Rc2 42. c6 Kg5 43. Rd6 h5 44. Kh3 Rc3 45. Re6 Kf5 46.
Rh6 Kg5 47. Rd6 Kf5 48. Rd5+ Kg6 49. Kh4 Rc4+ 50. g4 hxg4 51. Rd6+ Kf5 52. fxg4+
Rxg4+ 53. Kh3 Rc4 54. Kg3 Ke5 55. Rh6 Kd5 56. Kf3 Rxc6 57. Rxc6 Kxc6 1/2-1/2

[Event "Online Olym Div3 E 2020"]
[Site "chess.com INT"]
[Date "2020.07.09"]
[Round "9.4"]
[Board "3"]
[White "dos Ramos, Rosangela"]
[Black "Hernandez Alvarez, Tania Regla"]
[Result "1-0"]
[WhiteTitle "WFM"]
[BlackTitle "WIM"]
[WhiteElo "1765"]
[BlackElo "2041"]
[WhiteTeam "Suriname"]
[BlackTeam "Costa Rica"]
[WhiteFideId "8200521"]
[BlackFideId "3501442"]
[EventDate "2020.07.07"]
[EventType "team"]

1. Nf3 g6 2. g3 Bg7 3. Bg2 c5 4. O-O Nc6 5. c3 e5 6. e4 Nge7 7. d3 O-O 8. a3 a5
9. a4 d5 10. Na3 h6 11. exd5 Nxd5 12. Nc4 Be6 13. Re1 Qc7 14. Qe2 f6 15. d4 cxd4
16. cxd4 e4 17. Qxe4 Bf7 18. Na3 Rfe8 19. Qd3 Rxe1+ 20. Nxe1 Ndb4 21. Qc3 Qe7
22. Nb5 Rd8 23. Be3 f5 24. Nf3 Nd5 25. Qd2 Kh7 26. Re1 Qb4 27. Qxb4 Ndxb4 28.
Bd2 Bb3 29. Ne5 Nc2 30. Re2 N6xd4 31. Nxd4 Nxd4 32. Re1 b6 33. Bc3 Nc2 34. Rc1
Bxa4 35. Bc6 Bxc6 36. Nxc6 Rc8 37. Bxg7 Rxc6 38. Bc3 Nb4 39. Re1 Nd5 40. Bd4 Kg8
41. Re8+ Kf7 42. Rb8 Rc1+ 43. Kg2 Rc6 44. Rb7+ Ke6 45. Rg7 Ne7 46. Bc3 Rc7 47.
Rh7 h5 48. Rh8 Rc8 49. Rh7 Rc7 50. Rh8 Rb7 51. Re8 Kf7 52. Rd8 Nd5 53. Rxd5 a4
54. Rb5 Ke6 55. Rb4 b5 56. h3 Kd5 57. Kf3 Kc5 58. g4 fxg4+ 59. hxg4 h4 60. g5 h3
61. Kg3 Rf7 62. Rh4 Rf5 63. Bf6 Rd5 64. Rxh3 Rd3+ 65. Kg2 Rb3 66. Rxb3 axb3 67.
Kf3 1-0

[Event "Online Olym Div3 E 2020"]
[Site "chess.com INT"]
[Date "2020.07.09"]
[Round "9.4"]
[Board "4"]
[White "Rodriguez Arrieta, Maria Elena"]
[Black "Kaslan, Alexandra"]
[Result "1-0"]
[WhiteTitle "WIM"]
[BlackTitle "WCM"]
[WhiteElo "1905"]
[BlackElo "1435"]
[WhiteTeam "Costa Rica"]
[BlackTeam "Suriname"]
[WhiteFideId "6502911"]
[BlackFideId "8201340"]
[EventDate "2020.07.07"]
[EventType "team"]

1. e4 e6 2. d3 c5 3. Nf3 d5 4. Nbd2 Nc6 5. g3 Bd6 6. Bg2 Nf6 7. O-O O-O 8. Re1
Qc7 9. Qe2 dxe4 10. dxe4 e5 11. c3 Be6 12. Nf1 h6 13. Nh4 Ne7 14. h3 Qd7 15. Kh2
Ng6 16. Nxg6 fxg6 17. Ne3 Qf7 18. c4 Nh5 19. Rf1 g5 20. Bd2 Nf6 21. b3 g6 22.
Bc3 Kg7 23. Rad1 Rad8 24. Rd2 Bc7 25. Rfd1 Rxd2 26. Rxd2 h5 27. Qd1 g4 28. h4
Qe7 29. Qa1 Nd7 30. Qb2 Rd8 31. Kg1 a6 32. a4 Kh7 33. Qc2 Nf6 34. Qd1 Rxd2 35.
Qxd2 Qd6 36. Qxd6 Bxd6 37. Kf1 Bd7 38. Ke2 Bc6 39. Kd3 Kg7 40. a5 Kf7 41. Nd5
Ke6 42. Ke3 Nh7 43. f3 g5 44. fxg4 hxg4 45. Bf1 gxh4 46. gxh4 Bf8 47. Be2 Bh6+
48. Kf2 Bxd5 49. cxd5+ Kd6 50. Bxg4 Nf6 51. Bf3 Bf4 52. Ke2 Nh7 53. Bd2 Bg3 54.
h5 Bh4 55. Bg4 Nf6 56. Bf3 Nh7 57. h6 Bd8 58. Bh5 Nf6 59. Bg6 Ng4 60. h7 Bf6 61.
Kf3 Bh8 62. Kxg4 Kc7 63. Kf5 b6 64. axb6+ Kxb6 65. Ke6 Kb5 66. d6 c4 67. bxc4+
Kxc4 68. d7 a5 69. d8=Q a4 70. Qd5# 1-0

[Event "Online Olym Div3 E 2020"]
[Site "chess.com INT"]
[Date "2020.07.09"]
[Round "9.4"]
[Board "5"]
[White "Kalidjo, Imaan"]
[Black "Valverde Mora, Mauricio"]
[Result "1/2-1/2"]
[WhiteElo "1819"]
[BlackElo "1792"]
[WhiteTeam "Suriname"]
[BlackTeam "Costa Rica"]
[WhiteFideId "8202478"]
[BlackFideId "6515223"]
[EventDate "2020.07.07"]
[EventType "team"]

1. d4 Nf6 2. Bg5 d5 3. e3 Bf5 4. Nf3 e6 5. Nbd2 Be7 6. Be2 Nbd7 7. c3 h6 8. Bh4
O-O 9. O-O c5 10. a4 Qb6 11. Qc1 Bd6 12. Bg3 Bxg3 13. hxg3 Rac8 14. a5 Qc7 15.
Qe1 c4 16. Nh2 h5 17. f4 b5 18. Qd1 g6 19. g4 hxg4 20. Bxg4 Nxg4 21. Nxg4 Kg7
22. Ne5 Nxe5 23. fxe5 Qe7 24. Qf3 Qg5 25. Qf4 Qxf4 26. exf4 b4 27. Rfc1 Rb8 28.
Nf1 Rb5 29. Ne3 Be4 30. g4 Rfb8 31. f5 exf5 32. gxf5 gxf5 33. Rf1 bxc3 34. bxc3
Rb2 35. Nxf5+ Bxf5 36. Rxf5 Rc2 37. Raf1 Rb7 38. R5f3 Ra2 39. Rg3+ Kh6 40. Rgf3
Rbb2 41. Rf6+ Kg5 42. R6f5+ Kg6 43. Rf6+ Kg5 44. R6f5+ Kh6 45. Rf6+ Kg5 1/2-1/2

[Event "Online Olym Div3 E 2020"]
[Site "chess.com INT"]
[Date "2020.07.09"]
[Round "9.4"]
[Board "6"]
[White "Salazar Gould, Melanie"]
[Black "Kaslan, Catherine"]
[Result "1-0"]
[WhiteTitle "WFM"]
[BlackTitle "WFM"]
[WhiteElo "1957"]
[BlackElo "1872"]
[WhiteTeam "Costa Rica"]
[BlackTeam "Suriname"]
[WhiteFideId "6505090"]
[BlackFideId "8201390"]
[EventDate "2020.07.07"]
[EventType "team"]

1. e4 c5 2. Nf3 d6 3. d4 cxd4 4. Nxd4 Nf6 5. Nc3 a6 6. g3 g6 7. Bg2 Bg7 8. a4
O-O 9. O-O Qc7 10. h3 Nc6 11. Nb3 h6 12. Qe2 Kh7 13. f4 e6 14. g4 Bd7 15. Be3
Ne8 16. Qf2 f5 17. gxf5 exf5 18. Nd5 Qd8 19. Bb6 Qc8 20. Rae1 Nf6 21. exf5 Bxf5
22. Ne7 Qd7 23. Nxf5 gxf5 24. Re2 Rae8 25. Rfe1 Rxe2 26. Rxe2 Re8 27. Nd2 Nd5
28. Bxd5 Bf6 29. Rxe8 Qxe8 30. Nc4 Qe7 31. c3 Bg7 32. Qe3 Qf6 33. Bxc6 bxc6 34.
Bd4 Qg6+ 35. Kh2 Bf8 36. Qg3 Qe6 37. Qe3 Qxc4 38. Qe8 Qg8 39. Qd7+ Bg7 40. Qxf5+
Kh8 41. Qg6 Qh7 42. Qe8+ Qg8 43. Bxg7+ Kxg7 44. Qxg8+ Kxg8 45. Kg3 Kf7 46. Kg4
Kf6 47. Kh5 d5 48. Kxh6 c5 49. Kh5 d4 50. cxd4 cxd4 51. Kg4 d3 52. Kf3 Kf5 53.
Ke3 d2 54. Kxd2 Kxf4 55. Kd3 Kg3 56. Kd4 Kxh3 57. Kc5 1-0

[Event "Online Olym Div3 E 2020"]
[Site "chess.com INT"]
[Date "2020.07.09"]
[Round "9.5"]
[Board "1"]
[White "Arias, Lemnys A."]
[Black "Ibarra Chami, Luis Fernando"]
[Result "1/2-1/2"]
[WhiteTitle "IM"]
[BlackTitle "GM"]
[WhiteElo "2303"]
[BlackElo "2447"]
[WhiteTeam "El Salvador"]
[BlackTeam "Mexico"]
[WhiteFideId "6700284"]
[BlackFideId "5105048"]
[EventDate "2020.07.07"]
[EventType "team"]

1. e4 c5 2. Nf3 d6 3. d4 cxd4 4. Nxd4 Nf6 5. Nc3 g6 6. g3 Bg7 7. Bg2 O-O 8. O-O
Bg4 9. Qd2 Qd7 10. Re1 Bh3 11. Bh1 Nc6 12. Nxc6 bxc6 13. b3 Qc7 14. Bb2 Rfe8 15.
Na4 Rad8 16. c4 e5 17. Rac1 Ng4 18. Rcd1 h5 19. Bc3 Qe7 20. f3 Bh6 21. Qd3 Nf6
22. Bg2 Qe6 23. Qf1 Bxg2 24. Qxg2 h4 25. Nb2 Qe7 26. Nd3 a5 27. Qf2 Qc7 28. Kg2
Rd7 29. Qb2 Qa7 30. c5 Red8 31. Qc2 Nh7 32. gxh4 Bg7 33. cxd6 f6 34. Nb2 Rxd6
35. Rxd6 Rxd6 36. Nc4 Rd7 37. Bxa5 Nf8 38. Bb6 Qb7 39. Be3 Ne6 40. Rd1 Nd4 41.
Bxd4 exd4 42. Na5 Qa7 43. b4 Qa6 44. Qc4+ Qxc4 45. Nxc4 Ra7 46. a3 f5 47. exf5
gxf5 48. Kf2 Ra4 49. Rb1 c5 50. Rb3 cxb4 51. Rxb4 Ra6 52. Ke2 Rh6 53. Rb5 Rxh4
54. Rxf5 d3+ 55. Kxd3 Rd4+ 56. Ke3 Rxc4 57. Ra5 Rh4 58. Ra8+ Kf7 59. a4 Be5 60.
a5 Bxh2 61. a6 Ra4 62. Kd3 Bg1 63. a7 Bxa7 64. Kc2 Ke6 65. Kb3 Ra6 66. Kc4 Kd7
67. f4 Rc6+ 68. Kd5 Rc5+ 69. Kd4 Rc7+ 70. Kd5 Bc5 71. f5 Be7 72. Ra5 Ke8 73. Ra6
Kf7 74. Rb6 Rd7+ 75. Ke5 Bd8 76. Rc6 Re7+ 77. Re6 Bc7+ 78. Kd5 Rxe6 79. fxe6+
Ke7 1/2-1/2

[Event "Online Olym Div3 E 2020"]
[Site "chess.com INT"]
[Date "2020.07.09"]
[Round "9.5"]
[Board "2"]
[White "Capo Vidal, Uriel"]
[Black "Arias, Daniel"]
[Result "1-0"]
[WhiteTitle "IM"]
[BlackTitle "FM"]
[WhiteElo "2334"]
[BlackElo "2285"]
[WhiteTeam "Mexico"]
[BlackTeam "El Salvador"]
[WhiteFideId "5105382"]
[BlackFideId "6700640"]
[EventDate "2020.07.07"]
[EventType "team"]

1. d4 Nf6 2. Nf3 e6 3. e3 b6 4. Bd3 Bb7 5. O-O Be7 6. c4 O-O 7. Nc3 d5 8. cxd5
exd5 9. Ne5 Nbd7 10. f4 c5 11. Qf3 Re8 12. g4 Nf8 13. g5 N6d7 14. Ng4 Rb8 15.
Bf5 b5 16. Ne2 Qb6 17. b3 cxd4 18. Nxd4 Bc5 19. Bb2 Re7 20. Rad1 Rbe8 21. Rd2
Nb8 22. Rfd1 Nc6 23. Qg3 Nxd4 24. Bxd4 Bxd4 25. Rxd4 Qa5 26. Nf6+ Kh8 27. Nxe8
Rxe8 28. R1d2 Ne6 29. Bxe6 Rxe6 30. f5 Re8 31. f6 g6 32. Qh3 Qa3 33. Qh6 Rg8 34.
Qxh7+ 1-0

[Event "Online Olym Div3 E 2020"]
[Site "chess.com INT"]
[Date "2020.07.09"]
[Round "9.5"]
[Board "3"]
[White "Ortez, Andrea"]
[Black "Corrales Jimenez, Zenia"]
[Result "0-1"]
[WhiteTitle "WIM"]
[BlackTitle "WIM"]
[WhiteElo "1969"]
[BlackElo "2234"]
[WhiteTeam "El Salvador"]
[BlackTeam "Mexico"]
[WhiteFideId "6702392"]
[BlackFideId "3506355"]
[EventDate "2020.07.07"]
[EventType "team"]

1. e4 c5 2. c3 d5 3. exd5 Qxd5 4. d4 Nf6 5. Nf3 g6 6. Nbd2 Bg7 7. Bc4 Qd8 8. O-O
cxd4 9. cxd4 O-O 10. h3 Nc6 11. Nb3 Nd5 12. Re1 b6 13. Bg5 Re8 14. Rc1 Bb7 15.
Bb5 Rc8 16. Qd2 a6 17. Bxc6 Rxc6 18. Bh6 Rxc1 19. Nxc1 Nf6 20. Bxg7 Kxg7 21. Qc3
Bxf3 22. gxf3 Qd7 23. Kg2 Nd5 24. Qc4 Nf4+ 25. Kg1 Qxh3 26. Qf1 Qxf3 27. Re3
Qg4+ 28. Rg3 Qf5 29. Ne2 Nh5 30. Rg2 Rc8 31. Ng3 Nxg3 32. Rxg3 b5 33. Kg2 h5 34.
Qe2 Qd5+ 35. Rf3 e6 36. Qd2 Rc4 37. Qf4 Qf5 38. Qe3 Qg4+ 39. Rg3 Qxd4 40. Qg5
Qe4+ 41. Rf3 Qg4+ 42. Qxg4 Rxg4+ 43. Kh2 Rc4 44. b3 Rc2 45. a4 bxa4 46. bxa4 Ra2
47. Rf4 g5 0-1

[Event "Online Olym Div3 E 2020"]
[Site "chess.com INT"]
[Date "2020.07.09"]
[Round "9.5"]
[Board "4"]
[White "Real Pereyra, Diana Carime"]
[Black "Herrera, Marjorie"]
[Result "1-0"]
[WhiteTitle "WIM"]
[BlackTitle "WCM"]
[WhiteElo "2042"]
[BlackElo "1848"]
[WhiteTeam "Mexico"]
[BlackTeam "El Salvador"]
[WhiteFideId "5104106"]
[BlackFideId "6704743"]
[EventDate "2020.07.07"]
[EventType "team"]

1. e4 c5 2. Nc3 e6 3. Nf3 d5 4. exd5 exd5 5. d4 c4 6. Bf4 Nf6 7. Qd2 a6 8. Be2
Nc6 9. O-O Be7 10. Ne5 O-O 11. Bf3 Bf5 12. Nxc6 bxc6 13. Rfe1 Bb4 14. a3 Ba5 15.
Bg5 h6 16. Bh4 Rb8 17. Re5 Bg6 18. Rb1 Rb7 19. b4 cxb3 20. Rxb3 Qb8 21. Rxb7
Qxb7 22. Bxf6 gxf6 23. Re3 Qb2 24. Bd1 Qxa3 25. Rh3 h5 26. Bxh5 Bxc3 27. Rxc3
Qa1+ 28. Bd1 Rb8 29. Kf1 Rb1 30. Ke1 Rxd1+ 31. Qxd1 Qxc3+ 32. Ke2 Qxc2+ 33. Qxc2
Bxc2 34. Kd2 Ba4 35. h4 Bb5 36. Kc3 Kg7 37. Kb4 Kg6 38. g3 f5 39. f4 Kh5 40. Ka5
Kg4 41. Kb4 Kh5 42. Ka5 Kg4 43. Kb4 Kxg3 44. h5 Kg4 45. h6 Kh5 46. h7 Kg4 47.
h8=Q Kxf4 48. Qf6 Ke4 49. Qxf7 f4 50. Kc3 Ke3 51. Qe6+ Kf2 52. Kd2 f3 53. Qe3+
Kg2 54. Qg5+ Kf2 55. Qh4+ Kg1 56. Ke3 Be2 57. Qf2+ Kh1 58. Kf4 a5 59. Kg3 1-0

[Event "Online Olym Div3 E 2020"]
[Site "chess.com INT"]
[Date "2020.07.09"]
[Round "9.5"]
[Board "5"]
[White "Melara, Moises"]
[Black "Tello Chavez, Isaac Valent"]
[Result "0-1"]
[WhiteTitle "FM"]
[BlackTitle "FM"]
[WhiteElo "2110"]
[BlackElo "2275"]
[WhiteTeam "El Salvador"]
[BlackTeam "Mexico"]
[WhiteFideId "6703917"]
[BlackFideId "5114241"]
[EventDate "2020.07.07"]
[EventType "team"]

1. e4 c6 2. d4 d5 3. exd5 cxd5 4. c4 Nf6 5. Nc3 e6 6. Bg5 Be7 7. Nf3 O-O 8. Bd3
dxc4 9. Bxc4 Nc6 10. a3 b6 11. O-O Bb7 12. Re1 Rc8 13. Ba2 Nd5 14. Ne4 Bxg5 15.
Nexg5 Nf6 16. Qd3 g6 17. Rac1 Ne7 18. Rxc8 Bxc8 19. Ne5 Ned5 20. g3 Nh5 21. h4
Ng7 22. Bb1 Nf5 23. Ne4 f6 24. Ng4 h5 25. Nh2 Nde7 26. Nf3 Kg7 27. Ba2 Nd5 28.
Nc3 Qd6 29. Ne4 Qd8 30. Nc3 Nxc3 31. bxc3 Re8 32. Qc2 Qd6 33. Qe2 Qxa3 34. d5 e5
35. c4 Bd7 36. Bb1 e4 37. Nd2 e3 38. Bxf5 exf2+ 39. Qxf2 Rxe1+ 40. Qxe1 Bxf5 41.
Qe7+ Qxe7 0-1

[Event "Online Olym Div3 E 2020"]
[Site "chess.com INT"]
[Date "2020.07.09"]
[Round "9.5"]
[Board "6"]
[White "Lopez Sanchez, Anastacia Antonia"]
[Black "Garcia, Angie"]
[Result "1/2-1/2"]
[WhiteTitle "WCM"]
[BlackTitle "WFM"]
[WhiteElo "1809"]
[BlackElo "1802"]
[WhiteTeam "Mexico"]
[BlackTeam "El Salvador"]
[WhiteFideId "5115825"]
[BlackFideId "6702503"]
[EventDate "2020.07.07"]
[EventType "team"]

1. d4 Nf6 2. Nf3 g6 3. g3 d5 4. Bg2 Bg7 5. O-O O-O 6. c4 c6 7. cxd5 cxd5 8. Nc3
Nc6 9. Bf4 Bd7 10. Rc1 Rc8 11. Ne5 e6 12. Qd2 Nxe5 13. Bxe5 Qb6 14. Rc2 a5 15.
Rfc1 Qb4 16. h4 Nh5 17. Bxg7 Nxg7 18. e3 Ne8 19. Nb1 Qxd2 20. Nxd2 Nd6 21. Bf1
Rxc2 22. Rxc2 Rc8 23. Rxc8+ Nxc8 24. Bd3 Nd6 25. Kf1 Kf8 26. Ke2 Ke7 27. Nf3 f6
28. Nd2 b6 29. Nb1 b5 30. f3 b4 31. Nd2 a4 32. e4 Bc6 33. Ke3 Nb5 34. Bxb5 Bxb5
35. a3 b3 36. Nb1 f5 37. Nc3 Bc6 38. e5 1/2-1/2